Minecraft - jedzenie (1.21) - Statystyki

Ogólne statystyki
  • Ten quiz został rozwiązany 4 366 razy
  • Średni wynik to 19 z 41
Statystyki odpowiedzi
Uzupełniane punkty głodu Jedzenie % Poprawnych
4 Jabłko / Apple
83%
3 Marchewka / Carrot
81%
4 Złote jabłko / Golden Apple
80%
5 Chleb / Bread
79%
2 (kawałek) Ciasto / Cake
78%
1 Ziemniak / Potato
77%
8 Befsztyk / Steak
69%
1 Burak / Beetroot
66%
6 Złota marchewka / Golden Carrot
62%
2 Kawałek arbuza / Melon Slice
58%
6 Zupa grzybowa / Mushroom Stew
56%
6 Pieczony kurczak / Cooked Chicken
53%
4 Zgniłe mięso / Rotten Flesh
52%
2 Ciastko / Cookie
51%
6 Pieczony ziemniak / Baked Potato
51%
1 Słodkie jagody / Sweet Berries
51%
6 Pieczona baranina / Cooked Mutton
45%
6 Barszcz / Beetroot Soup
44%
8 Pieczony schab / Cooked Porkchop
42%
4 Zaklęte złote jabłko / Jabłko Notcha / Enchanted Golden Apple
42%
2 Oko pająka / Spider Eye
41%
6 Pieczony łosoś / Cooked Salmon
41%
2 Surowy kurczak / Raw Chicken
41%
5 Pieczony dorsz / Cooked Cod
39%
8 Placek dyniowy / Pumpkin Pie
38%
10 Potrawka z królika / Rabbit Stew
38%
1 Rozdymka / Pufferfish
38%
2 Surowa baranina / Raw Mutton
37%
6 Podejrzana potrawka / Suspicious Stew
35%
1 Suszony wodorost / Dried Kelp
35%
5 Pieczony królik / Cooked Rabbit
34%
3 Surowa wołowina / Raw Beef
34%
3 Surowy schab / Raw Porkchop
33%
2 Surowy łosoś / Raw Salmon
32%
6 Butelka miodu / Honey Bottle
31%
2 Surowy dorsz / Raw Cod
31%
3 Surowy królik / Raw Rabbit
29%
4 Owoc refrenusu / Chorus Fruit
28%
1 Ryba Tropikalna / Tropical Fish
28%
2 Trujący ziemniak / Poisonous Potato
27%
2 Świecące jagody / Glow Berries
24%
Nie znaleziono quizów pasujących do podanych kryteriów
Rozkład punktacji
Procent ludzi z każdym wynikiem
Percentyl według liczby udzielonych odpowiedzi
Twoja historia wyników
Nie rozwiązałeś tego quizu